[Event "Stay Safe Play From Home 276"]
[Site "Emanuel Lasker Arena"]
[Date "2020.07.03"]
[Round "2"]
[White "Timbre"]
[Black "Erdema"]
[Result "0-1"]
[WhiteElo "1617"]
[BlackElo "1644"]
[Annotator "NA"]
[PlyCount "96"]
[EventDate "2020.07.03"]
[EventType "swiss (blitz)"]

1. d4 {[%emt 0:00:15]} d5 {[%emt 0:00:02]} 2. Nf3 {[%emt 0:00:01]} Nc6 {[%emt 0:00:02]} 3. c3 {[%emt 0:00:01]} Nf6 {[%emt 0:00:03]} 4. Bf4 {[%emt 0:00:02]} e6 {[%emt 0:00:01]} 5. e3 {[%emt 0:00:01]} Bd6 {[%emt 0:00:01]} 6. Bg3 {[%emt 0:00:01]} O-O {[%emt 0:00:02]} 7. Bd3 {[%emt 0:00:02]} Re8 {[%emt 0:00:01]} 8. Nbd2 {[%emt 0:00:01]} e5 {[%emt 0:00:02]} 9. dxe5 {[%emt 0:00:01]} Nxe5 {[%emt 0:00:01]} 10. Nxe5 {[%emt 0:00:01]} Bxe5 {[%emt 0:00:01]} 11. Nf3 {[%emt 0:00:01]} Bd6 {[%emt 0:00:04]} 12. O-O {[%emt 0:00:01]} c6 {[%emt 0:00:01]} 13. Be2 {[%emt 0:00:02]} h6 {[%emt 0:00:04]} 14. Nd4 {[%emt 0:00:02]} Bxg3 {[%emt 0:00:03]} 15. hxg3 {[%emt 0:00:02]} Ne4 {[%emt 0:00:02]} 16. Bf3 {[%emt 0:00:03]} Ng5 {[%emt 0:00:04]} 17. Qc2 {[%emt 0:00:04]} Nxf3+ {[%emt 0:00:03]} 18. gxf3 {[%emt 0:00:01]} Bh3 {[%emt 0:00:02]} 19. Rfe1 {[%emt 0:00:04]} Qf6 {[%emt 0:00:04]} 20. f4 {[%emt 0:00:06]} Bg4 {[%emt 0:00:06]} 21. Kg2 {[%emt 0:00:07]} c5 {[%emt 0:00:04]} 22. Nf3 {[%emt 0:00:02]} Bxf3+ {[%emt 0:00:12]} 23. Kxf3 {[%emt 0:00:02]} Qe6 {[%emt 0:00:02]} 24. Kg2 {[%emt 0:00:06]} Qe4+ {[%emt 0:00:03]} 25. Qxe4 {[%emt 0:00:02]} dxe4 {[%emt 0:00:01]} 26. Red1 {[%emt 0:00:02]} Rad8 {[%emt 0:00:01]} 27. f3 {[%emt 0:00:04]} exf3+ {[%emt 0:00:03]} 28. Kxf3 {[%emt 0:00:01]} f6 {[%emt 0:00:01]} 29. e4 {[%emt 0:00:03]} Kf7 {[%emt 0:00:03]} 30. a3 {[%emt 0:00:13]} Ke7 {[%emt 0:00:15]} 31. Rxd8 {[%emt 0:00:08]} Rxd8 {[%emt 0:00:02]} 32. Ke3 {[%emt 0:00:09]} c4 {[%emt 0:00:07]} 33. Re1 {[%emt 0:00:03]} Rd3+ {[%emt 0:00:02]} 34. Kf2 {[%emt 0:00:07]} Rd2+ {[%emt 0:00:02]} 35. Re2 {[%emt 0:00:02]} Rxe2+ {[%emt 0:00:03]} 36. Kxe2 {[%emt 0:00:01]} Kd6 {[%emt 0:00:01]} 37. Ke3 {[%emt 0:00:02]} Kc5 {[%emt 0:00:02]} 38. g4 {[%emt 0:00:03]} g6 {[%emt 0:00:02]} 39. e5 {[%emt 0:00:06]} fxe5 {[%emt 0:00:04]} 40. fxe5 {[%emt 0:00:02]} Kd5 {[%emt 0:00:01]} 41. Kf4 {[%emt 0:00:01]} b5 {[%emt 0:00:04]} 42. g5 {[%emt 0:00:11]} h5 {[%emt 0:00:02]} 43. e6 {[%emt 0:00:11]} Kxe6 {[%emt 0:00:02]} 44. Ke4 {[%emt 0:00:01]} h4 {[%emt 0:00:05]} 45. Kf4 {[%emt 0:00:03]} h3 {[%emt 0:00:02]} 46. Kg3 {[%emt 0:00:02]} Kf5 {[%emt 0:00:01]} 47. Kxh3 {[%emt 0:00:01]} Kxg5 {[%emt 0:00:01]} 48. Kg3 {[%emt 0:00:01]} a6 {[%emt 0:00:01]} 0-1

[Event "Stay Safe Play From Home 276"]
[Site "Emanuel Lasker Arena"]
[Date "2020.07.03"]
[Round "2"]
[White "Robk"]
[Black "Haris kollari 13"]
[Result "0-1"]
[WhiteElo "1582"]
[BlackElo "1895"]
[Annotator "NA"]
[PlyCount "104"]
[EventDate "2020.07.03"]
[EventType "swiss (blitz)"]

1. e4 {[%emt 0:00:03]} e5 {[%emt 0:00:01]} 2. Nf3 {[%emt 0:00:02]} Nc6 {[%emt 0:00:01]} 3. Bb5 {[%emt 0:00:02]} d6 {[%emt 0:00:01]} 4. d4 {[%emt 0:00:02]} exd4 {[%emt 0:00:01]} 5. Nxd4 {[%emt 0:00:02]} Bd7 {[%emt 0:00:01]} 6. Be3 {[%emt 0:00:05]} Nf6 {[%emt 0:00:05]} 7. Nc3 {[%emt 0:00:02]} Be7 {[%emt 0:00:03]} 8. f3 {[%emt 0:00:01]} O-O {[%emt 0:00:01]} 9. Be2 {[%emt 0:00:02]} Nxd4 {[%emt 0:00:05]} 10. Bxd4 {[%emt 0:00:02]} a6 {[%emt 0:00:05]} 11. Qd2 {[%emt 0:00:02]} h6 {[%emt 0:00:03]} 12. O-O-O {[%emt 0:00:01]} Nh5 {[%emt 0:00:03]} 13. g4 {[%emt 0:00:05]} Bg5 {[%emt 0:00:02]} 14. Be3 {[%emt 0:00:02]} Bxe3 {[%emt 0:00:08]} 15. Qxe3 {[%emt 0:00:02]} Nf6 {[%emt 0:00:01]} 16. h4 {[%emt 0:00:03]} Nh7 {[%emt 0:00:03]} 17. Rdg1 {[%emt 0:00:06]} Be6 {[%emt 0:00:08]} 18. g5 {[%emt 0:00:04]} h5 {[%emt 0:00:05]} 19. f4 {[%emt 0:00:04]} g6 {[%emt 0:00:05]} 20. Bd3 {[%emt 0:00:10] Haris kollari 13 reconnected.} Bg4 {[%emt 0:00:03]} 21. f5 {[%emt 0:00:10]} Re8 {[%emt 0:00:03]} 22. fxg6 {[%emt 0:00:15]} fxg6 {[%emt 0:00:02]} 23. Bc4+ {[%emt 0:00:03]} Be6 {[%emt 0:00:05]} 24. Nd5 {[%emt 0:00:09]} c6 {[%emt 0:00:02]} 25. Nb6 {[%emt 0:00:24]} Bxc4 {[%emt 0:00:02]} 26. Nxc4 {[%emt 0:00:02]} b5 {[%emt 0:00:05]} 27. Nd2 {[%emt 0:00:06]} Qe7 {[%emt 0:00:03]} 28. Re1 {[%emt 0:00:04]} Nf8 {[%emt 0:00:04]} 29. Rhf1 {[%emt 0:00:05]} Nd7 {[%emt 0:00:03]} 30. Nf3 {[%emt 0:00:18]} Rf8 {[%emt 0:00:03]} 31. Qc3 {[%emt 0:00:15]} Rf4 {[%emt 0:00:08]} 32. Qxc6 {[%emt 0:00:04]} Raf8 {[%emt 0:00:02]} 33. Nd2 {[%emt 0:00:07]} Rxh4 {[%emt 0:00:19]} 34. Qd5+ {[%emt 0:00:16]} Kg7 {[%emt 0:00:04]} 35. Qd4+ {[%emt 0:00:05]} Ne5 {[%emt 0:00:01]} 36. Rxf8 {[%emt 0:00:13]} Qxf8 {[%emt 0:00:01]} 37. Rf1 {[%emt 0:00:02]} Qe7 {[%emt 0:00:04]} 38. Nf3 {[%emt 0:00:10]} Rf4 {[%emt 0:00:08]} 39. Nd2 {[%emt 0:00:06]} Rxf1+ {[%emt 0:00:02]} 40. Nxf1 {[%emt 0:00:01]} Qxg5+ {[%emt 0:00:01]} 41. Qd2 {[%emt 0:00:04]} Qxd2+ {[%emt 0:00:01]} 42. Kxd2 {[%emt 0:00:06]} h4 {[%emt 0:00:01]} 43. Ke3 {[%emt 0:00:01]} g5 {[%emt 0:00:01]} 44. Nh2 {[%emt 0:00:12]} Kg6 {[%emt 0:00:02]} 45. c3 {[%emt 0:00:04]} Kh5 {[%emt 0:00:01]} 46. b3 {[%emt 0:00:01]} g4 {[%emt 0:00:01]} 47. Nf1 {[%emt 0:00:02]} Kg5 {[%emt 0:00:04]} 48. Kf2 {[%emt 0:00:02]} Kf4 {[%emt 0:00:03]} 49. Nd2 {[%emt 0:00:02]} h3 {[%emt 0:00:02]} 50. Kg1 {[%emt 0:00:01]} g3 {[%emt 0:00:02]} 51. Kh1 {[%emt 0:00:01]} Ke3 {[%emt 0:00:01]} 52. Nf1+ {[%emt 0:00:02]} Kf2 {[%emt 0:00:01]} 0-1

[Event "Stay Safe Play From Home 276"]
[Site "Emanuel Lasker Arena"]
[Date "2020.07.03"]
[Round "3"]
[White "Dukic"]
[Black "AChessPlayer"]
[Result "0-1"]
[WhiteElo "1944"]
[BlackElo "2351"]
[PlyCount "58"]
[EventDate "2020.07.03"]
[EventType "swiss (blitz)"]

1. c4 {[%emt 0:00:06]} Nf6 {[%emt 0:00:06]} 2. Nc3 {[%emt 0:00:02]} c5 {[%emt 0:00:04]} 3. Nf3 {[%emt 0:00:03]} b6 {[%emt 0:00:05]} 4. d4 {[%emt 0:00:03]} cxd4 {[%emt 0:00:03]} 5. Nxd4 {[%emt 0:00:01]} Bb7 {[%emt 0:00:00]} 6. f3 {[%emt 0:00:04]} d6 {[%emt 0:00:01]} 7. e4 {[%emt 0:00:01]} e6 {[%emt 0:00:00]} 8. Be3 {[%emt 0:00:02]} Be7 {[%emt 0:00:00]} 9. Qd2 {[%emt 0:00:01]} O-O {[%emt 0:00:00]} 10. Be2 {[%emt 0:00:02]} a6 {[%emt 0:00:01]} 11. O-O {[%emt 0:00:02]} Qc7 {[%emt 0:00:00]} 12. Rac1 {[%emt 0:00:02]} Rc8 {[%emt 0:00:04]} 13. Rfd1 {[%emt 0:00:03]} Qd8 {[%emt 0:00:05]} 14. Qe1 {[%emt 0:00:16]} Nc6 {[%emt 0:00:06]} 15. Nxc6 {[%emt 0:00:14]} Bxc6 {[%emt 0:00:02]} 16. e5 {[%emt 0:00:12]} Ne8 {[%emt 0:00:03]} 17. exd6 {[%emt 0:00:42]} Bxd6 {[%emt 0:00:03]} 18. Qf2 {[%emt 0:00:08]} Rab8 {[%emt 0:00:06]} 19. Rd2 {[%emt 0:00:10]} Qe7 {[%emt 0:00:05]} 20. Rcd1 {[%emt 0:00:06]} Bc5 {[%emt 0:00:05]} 21. Bxc5 {[%emt 0:00:12]} bxc5 {[%emt 0:00:03]} 22. b3 {[%emt 0:00:02]} h6 {[%emt 0:00:04]} 23. Qe3 {[%emt 0:00:03]} Nf6 {[%emt 0:00:04]} 24. Bd3 {[%emt 0:00:07]} Rd8 {[%emt 0:00:03]} 25. Qe5 {[%emt 0:00:15]} Rbc8 {[%emt 0:00:13]} 26. Bc2 {[%emt 0:00:30]} Rxd2 {[%emt 0:00:10]} 27. Rxd2 {[%emt 0:00:01]} Rd8 {[%emt 0:00:07]} 28. Rxd8+ {[%emt 0:00:04]} Qxd8 {[%emt 0:00:00]} 29. Kf2 {[%emt 0:00:21]} Qd2+ {[%emt 0:00:04] Zeit (Lag: Av=0.44s, max=0.6s)} 0-1

[Event "Stay Safe Play From Home 276"]
[Site "Emanuel Lasker Arena"]
[Date "2020.07.03"]
[Round "3"]
[White "haris kollari 13"]
[Black "Position"]
[Result "0-1"]
[WhiteElo "1900"]
[BlackElo "2135"]
[Annotator "NA"]
[PlyCount "98"]
[EventDate "2020.07.03"]
[EventType "swiss (blitz)"]

1. e4 {[%emt 0:00:01]} c5 {[%emt 0:00:01]} 2. Nf3 {[%emt 0:00:01]} d6 {[%emt 0:00:01]} 3. d4 {[%emt 0:00:01]} cxd4 {[%emt 0:00:00]} 4. Nxd4 {[%emt 0:00:00]} Nf6 {[%emt 0:00:01]} 5. Nc3 {[%emt 0:00:01]} a6 {[%emt 0:00:01]} 6. f4 {[%emt 0:00:02]} e6 {[%emt 0:00:01]} 7. Be3 {[%emt 0:00:01]} Be7 {[%emt 0:00:01]} 8. Be2 {[%emt 0:00:01]} Qc7 {[%emt 0:00:01]} 9. Qd2 {[%emt 0:00:01]} Nc6 {[%emt 0:00:01]} 10. Bf3 {[%emt 0:00:02]} Bd7 {[%emt 0:00:01]} 11. g4 {[%emt 0:00:02]} h6 {[%emt 0:00:04]} 12. O-O-O {[%emt 0:00:02]} O-O-O {[%emt 0:00:01]} 13. h4 {[%emt 0:00:01]} Nxd4 {[%emt 0:00:04]} 14. Bxd4 {[%emt 0:00:02]} Bc6 {[%emt 0:00:02]} 15. Rhe1 {[%emt 0:00:03]} e5 {[%emt 0:00:09]} 16. Be3 {[%emt 0:00:02]} exf4 {[%emt 0:00:08]} 17. Bxf4 {[%emt 0:00:02]} Nd7 {[%emt 0:00:04]} 18. Qf2 {[%emt 0:00:05]} Ne5 {[%emt 0:00:04]} 19. Be3 {[%emt 0:00:01]} Qd7 {[%emt 0:00:11]} 20. g5 {[%emt 0:00:18]} hxg5 {[%emt 0:00:06]} 21. hxg5 {[%emt 0:00:01]} Kb8 {[%emt 0:00:14]} 22. Nd5 {[%emt 0:00:07]} Bxd5 {[%emt 0:00:03]} 23. Rxd5 {[%emt 0:00:01]} Qc6 {[%emt 0:00:11]} 24. c3 {[%emt 0:00:13]} Qxd5 {[%emt 0:00:04]} 25. exd5 {[%emt 0:00:16]} Nd3+ {[%emt 0:00:02]} 26. Kc2 {[%emt 0:00:05]} Nxf2 {[%emt 0:00:01]} 27. Bxf2 {[%emt 0:00:00]} Bxg5 {[%emt 0:00:02]} 28. Bd4 {[%emt 0:00:04]} f6 {[%emt 0:00:06]} 29. Re7 {[%emt 0:00:01]} g6 {[%emt 0:00:07]} 30. Re6 {[%emt 0:00:21]} Rh3 {[%emt 0:00:11]} 31. Be2 {[%emt 0:00:09]} Kc7 {[%emt 0:00:09]} 32. Bxf6 {[%emt 0:00:06]} Bxf6 {[%emt 0:00:05]} 33. Rxf6 {[%emt 0:00:01]} Rh2 {[%emt 0:00:04]} 34. Kd3 {[%emt 0:00:06]} Re8 {[%emt 0:00:01]} 35. Bg4 {[%emt 0:00:03]} Rxb2 {[%emt 0:00:04]} 36. a4 {[%emt 0:00:06]} Ra2 {[%emt 0:00:03]} 37. Rf7+ {[%emt 0:00:11]} Kb6 {[%emt 0:00:02]} 38. Bd7 {[%emt 0:00:01]} Re5 {[%emt 0:00:10]} 39. Kd4 {[%emt 0:00:11]} Rd2+ {[%emt 0:00:05]} 40. Kc4 {[%emt 0:00:01]} Re4+ {[%emt 0:00:03]} 41. Kb3 {[%emt 0:00:03]} Kc5 {[%emt 0:00:01]} 42. Be6 {[%emt 0:00:03]} b5 {[%emt 0:00:08]} 43. Rc7+ {[%emt 0:00:06]} Kb6 {[%emt 0:00:01]} 44. Rc6+ {[%emt 0:00:01]} Ka5 {[%emt 0:00:01]} 45. axb5 {[%emt 0:00:01]} axb5 {[%emt 0:00:01]} 46. Rxd6 {[%emt 0:00:01]} Ree2 {[%emt 0:00:03]} 47. c4 {[%emt 0:00:02]} b4 {[%emt 0:00:04]} 48. c5 {[%emt 0:00:02]} Re3+ {[%emt 0:00:04]} 49. Kc4 {[%emt 0:00:02]} Rc3# {[%emt 0:00:00] (Lag: Av=0.92s, max=2.1s)} 0-1

[Event "Stay Safe Play From Home 276"]
[Site "Emanuel Lasker Arena"]
[Date "2020.07.03"]
[Round "3"]
[White "Aadi3110theking"]
[Black "Erdema"]
[Result "0-1"]
[WhiteElo "1861"]
[BlackElo "1660"]
[Annotator "NA"]
[PlyCount "84"]
[EventDate "2020.07.03"]
[EventType "swiss (blitz)"]

1. Nf3 {[%emt 0:00:02]} e6 {[%emt 0:00:02]} 2. c4 {[%emt 0:00:01]} d5 {[%emt 0:00:02]} 3. b3 {[%emt 0:00:01]} Nf6 {[%emt 0:00:02]} 4. Bb2 {[%emt 0:00:01]} Bc5 {[%emt 0:00:03]} 5. g3 {[%emt 0:00:02]} dxc4 {[%emt 0:00:03]} 6. bxc4 {[%emt 0:00:01]} O-O {[%emt 0:00:06]} 7. Bg2 {[%emt 0:00:01]} Nc6 {[%emt 0:00:06]} 8. O-O {[%emt 0:00:03]} Re8 {[%emt 0:00:03]} 9. d4 {[%emt 0:00:05]} Bb4 {[%emt 0:00:09]} 10. e3 {[%emt 0:00:01]} Na5 {[%emt 0:00:08]} 11. a3 {[%emt 0:00:03]} Be7 {[%emt 0:00:14]} 12. Qc2 {[%emt 0:00:07]} Rb8 {[%emt 0:00:06]} 13. Nbd2 {[%emt 0:00:03]} b6 {[%emt 0:00:02]} 14. Nb3 {[%emt 0:00:06]} Nxb3 {[%emt 0:00:02]} 15. Qxb3 {[%emt 0:00:00]} Bb7 {[%emt 0:00:01]} 16. Rac1 {[%emt 0:00:01]} Ne4 {[%emt 0:00:02]} 17. Qc2 {[%emt 0:00:06]} c5 {[%emt 0:00:03]} 18. Rfd1 {[%emt 0:00:03]} Qc7 {[%emt 0:00:03]} 19. d5 {[%emt 0:00:02]} exd5 {[%emt 0:00:02]} 20. cxd5 {[%emt 0:00:01]} Bd6 {[%emt 0:00:04]} 21. Nh4 {[%emt 0:00:09]} Be5 {[%emt 0:00:33]} 22. Nf5 {[%emt 0:00:28]} Bxb2 {[%emt 0:00:08]} 23. Qxb2 {[%emt 0:00:00]} Qe5 {[%emt 0:00:03]} 24. Qxe5 {[%emt 0:00:26]} Rxe5 {[%emt 0:00:02]} 25. Nh4 {[%emt 0:00:07]} g5 {[%emt 0:00:09]} 26. Nf3 {[%emt 0:00:02]} Rxd5 {[%emt 0:00:03]} 27. Rxd5 {[%emt 0:00:02]} Bxd5 {[%emt 0:00:01]} 28. Nxg5 {[%emt 0:00:01]} Re8 {[%emt 0:00:11]} 29. Bxe4 {[%emt 0:00:30]} Bxe4 {[%emt 0:00:02]} 30. a4 {[%emt 0:00:01]} Bc6 {[%emt 0:00:03]} 31. a5 {[%emt 0:00:01]} f6 {[%emt 0:00:06]} 32. Nh3 {[%emt 0:00:04]} Rd8 {[%emt 0:00:03]} 33. Nf4 {[%emt 0:00:02]} Rd2 {[%emt 0:00:08]} 34. axb6 {[%emt 0:00:02]} axb6 {[%emt 0:00:03]} 35. Rb1 {[%emt 0:00:03]} b5 {[%emt 0:00:02]} 36. Ne6 {[%emt 0:00:05]} Rc2 {[%emt 0:00:23]} 37. Kf1 {[%emt 0:00:36]} b4 {[%emt 0:00:02]} 38. Ke1 {[%emt 0:00:20]} Bf3 {[%emt 0:00:06]} 39. h4 {[%emt 0:00:09]} Kf7 {[%emt 0:00:03]} 40. Nf4 {[%emt 0:00:05]} Rc3 {[%emt 0:00:12]} 41. Kd2 {[%emt 0:00:06]} Ke7 {[%emt 0:00:03]} 42. Nd3 {[%emt 0:00:09]} Be4 {[%emt 0:00:07] Time (Lag: Av=0.92s, max=2.1s)} 0-1

[Event "Stay Safe Play From Home 276"]
[Site "Emanuel Lasker Arena"]
[Date "2020.07.03"]
[Round "3"]
[White "Klasman"]
[Black "Timbre"]
[Result "0-1"]
[WhiteElo "1641"]
[BlackElo "1601"]
[Annotator "NA"]
[PlyCount "64"]
[EventDate "2020.07.03"]
[EventType "swiss (blitz)"]

1. f4 {[%emt 0:00:02]} d5 {[%emt 0:00:02]} 2. e3 {[%emt 0:00:01]} c6 {[%emt 0:00:01]} 3. Nf3 {[%emt 0:00:01]} Bg4 {[%emt 0:00:02]} 4. Be2 {[%emt 0:00:01]} Bxf3 {[%emt 0:00:01]} 5. Bxf3 {[%emt 0:00:01]} Nf6 {[%emt 0:00:01]} 6. O-O {[%emt 0:00:01]} e6 {[%emt 0:00:01]} 7. d4 {[%emt 0:00:01]} c5 {[%emt 0:00:03]} 8. c3 {[%emt 0:00:03]} cxd4 {[%emt 0:00:01]} 9. cxd4 {[%emt 0:00:02]} Nc6 {[%emt 0:00:01]} 10. Nc3 {[%emt 0:00:01]} Be7 {[%emt 0:00:01]} 11. Bd2 {[%emt 0:00:03]} O-O {[%emt 0:00:02]} 12. a3 {[%emt 0:00:01]} a6 {[%emt 0:00:02]} 13. g4 {[%emt 0:00:01]} h6 {[%emt 0:00:02]} 14. h4 {[%emt 0:00:02]} Nh7 {[%emt 0:00:02]} 15. g5 {[%emt 0:00:07]} hxg5 {[%emt 0:00:02]} 16. fxg5 {[%emt 0:00:01]} g6 {[%emt 0:00:13]} 17. Qe2 {[%emt 0:00:10]} Bd6 {[%emt 0:00:01]} 18. Qg2 {[%emt 0:00:03]} e5 {[%emt 0:00:10]} 19. Bxd5 {[%emt 0:00:26]} exd4 {[%emt 0:00:03]} 20. exd4 {[%emt 0:00:06]} Nxd4 {[%emt 0:00:05]} 21. Qe4 {[%emt 0:00:02]} Nf5 {[%emt 0:00:11]} 22. Rxf5 {[%emt 0:00:10]} gxf5 {[%emt 0:00:05]} 23. Qxf5 {[%emt 0:00:01]} Qb6+ {[%emt 0:00:09]} 24. Kg2 {[%emt 0:01:03]} Qd4 {[%emt 0:00:08]} 25. Rd1 {[%emt 0:00:57]} Qxh4 {[%emt 0:00:06]} 26. Ne4 {[%emt 0:00:12]} Qh2+ {[%emt 0:00:21]} 27. Kf1 {[%emt 0:00:05]} Rad8 {[%emt 0:00:16]} 28. Qg6+ {[%emt 0:00:05]} Kh8 {[%emt 0:00:06]} 29. Bc3+ {[%emt 0:00:01]} f6 {[%emt 0:00:04]} 30. Bxf6+ {[%emt 0:00:04]} Rxf6+ {[%emt 0:00:04]} 31. Nxf6 {[%emt 0:00:05]} Qh3+ {[%emt 0:00:08]} 32. Bg2 {[%emt 0:00:04]} Qh4 {[%emt 0:00:13] Time (Lag: Av=0.48s, max=0.6s) .} 0-1

[Event "Stay Safe Play From Home 276"]
[Site "Emanuel Lasker Arena"]
[Date "2020.07.03"]
[Round "4"]
[White "Position"]
[Black "AChessPlayer"]
[Result "0-1"]
[WhiteElo "2142"]
[BlackElo "2354"]
[PlyCount "76"]
[EventDate "2020.07.03"]
[EventType "swiss (blitz)"]

1. e4 {[%emt 0:00:02]} c5 {[%emt 0:00:02]} 2. Nf3 {[%emt 0:00:01]} e6 {[%emt 0:00:01]} 3. g3 {[%emt 0:00:01]} Nc6 {[%emt 0:00:01]} 4. Bg2 {[%emt 0:00:01]} Nf6 {[%emt 0:00:00]} 5. d3 {[%emt 0:00:02]} d5 {[%emt 0:00:01]} 6. Nc3 {[%emt 0:00:01]} Be7 {[%emt 0:00:01]} 7. O-O {[%emt 0:00:01]} O-O {[%emt 0:00:00]} 8. Re1 {[%emt 0:00:01]} b5 {[%emt 0:00:12]} 9. Nxb5 {[%emt 0:00:09]} Rb8 {[%emt 0:00:13]} 10. Nc3 {[%emt 0:00:02]} dxe4 {[%emt 0:00:12]} 11. Nxe4 {[%emt 0:00:02]} Nxe4 {[%emt 0:00:03]} 12. Rxe4 {[%emt 0:00:00]} Bf6 {[%emt 0:00:06]} 13. c3 {[%emt 0:00:01]} Ba6 {[%emt 0:00:13]} 14. Bf1 {[%emt 0:00:02]} Qd7 {[%emt 0:00:03]} 15. Qc2 {[%emt 0:00:12]} Rfd8 {[%emt 0:00:03]} 16. Bf4 {[%emt 0:00:42]} Rbc8 {[%emt 0:00:02]} 17. Rd1 {[%emt 0:00:03]} Qd5 {[%emt 0:00:28]} 18. Ne1 {[%emt 0:00:28]} e5 {[%emt 0:00:29]} 19. Be3 {[%emt 0:00:11]} c4 {[%emt 0:00:06]} 20. Bg2 {[%emt 0:00:47]} cxd3 {[%emt 0:00:08]} 21. Qa4 {[%emt 0:00:01]} Bb5 {[%emt 0:00:03]} 22. Qa3 {[%emt 0:00:01]} Be7 {[%emt 0:00:21]} 23. b4 {[%emt 0:00:02]} Qe6 {[%emt 0:00:04]} 24. Bc5 {[%emt 0:00:04]} Bxc5 {[%emt 0:00:04]} 25. bxc5 {[%emt 0:00:00]} f5 {[%emt 0:00:00]} 26. Re3 {[%emt 0:00:06]} e4 {[%emt 0:00:09]} 27. Qb2 {[%emt 0:00:11]} Rb8 {[%emt 0:00:08]} 28. Qd2 {[%emt 0:00:06]} Ne5 {[%emt 0:00:01]} 29. f3 {[%emt 0:00:12]} Nc4 {[%emt 0:00:06]} 30. Qf2 {[%emt 0:00:02]} Nxe3 {[%emt 0:00:04]} 31. Qxe3 {[%emt 0:00:00]} d2 {[%emt 0:00:11]} 32. Nc2 {[%emt 0:00:02]} Rd3 {[%emt 0:00:02]} 33. Qf4 {[%emt 0:00:03]} Re8 {[%emt 0:00:06]} 34. Nd4 {[%emt 0:00:01]} Rxd4 {[%emt 0:00:02]} 35. cxd4 {[%emt 0:00:00]} e3 {[%emt 0:00:00]} 36. Rb1 {[%emt 0:00:12]} Bc6 {[%emt 0:00:04]} 37. Bf1 {[%emt 0:00:02]} e2 {[%emt 0:00:03]} 38. Qxd2 {[%emt 0:00:01]} e1=Q {[%emt 0:00:01] Position resigns (Lag: Av=1.05s, max=2.2s)} 0-1

[Event "Stay Safe Play From Home 276"]
[Site "Emanuel Lasker Arena"]
[Date "2020.07.03"]
[Round "4"]
[White "haris kollari 13"]
[Black "Klasman"]
[Result "1-0"]
[WhiteElo "1893"]
[BlackElo "1622"]
[Annotator "NA"]
[PlyCount "31"]
[EventDate "2020.07.03"]
[EventType "swiss (blitz)"]

1. e4 {[%emt 0:00:01]} f5 {[%emt 0:00:01]} 2. e5 {[%emt 0:00:02]} d6 {[%emt 0:00:02]} 3. f4 {[%emt 0:00:03]} e6 {[%emt 0:00:01]} 4. d4 {[%emt 0:00:01]} c5 {[%emt 0:00:02]} 5. c3 {[%emt 0:00:01]} dxe5 {[%emt 0:00:03]} 6. fxe5 {[%emt 0:00:01]} Qh4+ {[%emt 0:00:12]} 7. Ke2 {[%emt 0:00:03]} Qe4+ {[%emt 0:00:02]} 8. Kf2 {[%emt 0:00:05]} Nc6 {[%emt 0:00:08]} 9. Nf3 {[%emt 0:00:05]} cxd4 {[%emt 0:00:20]} 10. cxd4 {[%emt 0:00:02]} Bb4 {[%emt 0:00:08]} 11. Be3 {[%emt 0:00:10]} Nh6 {[%emt 0:00:11]} 12. h3 {[%emt 0:00:03]} Bd7 {[%emt 0:00:14]} 13. a3 {[%emt 0:00:02]} Be7 {[%emt 0:00:05]} 14. Nc3 {[%emt 0:00:07]} Bh4+ {[%emt 0:00:04]} 15. Ke2 {[%emt 0:00:16]} Kf8 {[%emt 0:00:09]} 16. Nxe4 {[%emt 0:00:03] Klasman resigns (Lag: Av=0.43s, max=0.5s)} 1-0

[Event "Stay Safe Play From Home 276"]
[Site "Emanuel Lasker Arena"]
[Date "2020.07.03"]
[Round "4"]
[White "Erdema"]
[Black "Dukic"]
[Result "0-1"]
[WhiteElo "1686"]
[BlackElo "1941"]
[PlyCount "130"]
[EventDate "2020.07.03"]
[EventType "swiss (blitz)"]

1. e4 {[%emt 0:00:19]} c6 {[%emt 0:00:13]} 2. d4 {[%emt 0:00:04]} d6 {[%emt 0:00:00]} 3. h3 {[%emt 0:00:02]} Nd7 {[%emt 0:00:01]} 4. Nf3 {[%emt 0:00:05]} e5 {[%emt 0:00:01]} 5. dxe5 {[%emt 0:00:02]} dxe5 {[%emt 0:00:01]} 6. Bc4 {[%emt 0:00:02]} Be7 {[%emt 0:00:01]} 7. O-O {[%emt 0:00:06]} Ngf6 {[%emt 0:00:01]} 8. Ng5 {[%emt 0:00:02]} O-O {[%emt 0:00:02]} 9. Nc3 {[%emt 0:00:04]} b5 {[%emt 0:00:02]} 10. Bb3 {[%emt 0:00:04]} Qc7 {[%emt 0:00:04]} 11. a3 {[%emt 0:00:03]} a5 {[%emt 0:00:04]} 12. Re1 {[%emt 0:00:03]} Nc5 {[%emt 0:00:09]} 13. Ba2 {[%emt 0:00:07]} h6 {[%emt 0:00:13]} 14. Nf3 {[%emt 0:00:05]} Kh7 {[%emt 0:00:27]} 15. Qe2 {[%emt 0:00:04]} b4 {[%emt 0:00:08]} 16. axb4 {[%emt 0:00:03]} axb4 {[%emt 0:00:01]} 17. Nd1 {[%emt 0:00:11]} b3 {[%emt 0:00:01]} 18. cxb3 {[%emt 0:00:13]} Be6 {[%emt 0:00:11]} 19. b4 {[%emt 0:00:18]} Ncxe4 {[%emt 0:00:47]} 20. Bb1 {[%emt 0:00:24]} Rxa1 {[%emt 0:00:03]} 21. Bxe4+ {[%emt 0:00:02]} Nxe4 {[%emt 0:00:25]} 22. Qxe4+ {[%emt 0:00:02]} f5 {[%emt 0:00:06]} 23. Qxe5 {[%emt 0:00:12]} Qxe5 {[%emt 0:00:02]} 24. Rxe5 {[%emt 0:00:03]} Rxc1 {[%emt 0:00:02]} 25. Rxe6 {[%emt 0:00:01]} Rxd1+ {[%emt 0:00:02]} 26. Kh2 {[%emt 0:00:01]} Bf6 {[%emt 0:00:02]} 27. Rxc6 {[%emt 0:00:03]} Rb8 {[%emt 0:00:04]} 28. Rc5 {[%emt 0:00:07]} Kg6 {[%emt 0:00:07]} 29. b5 {[%emt 0:00:02]} Rb1 {[%emt 0:00:03]} 30. Rc6 {[%emt 0:00:14]} Rxb2 {[%emt 0:00:04]} 31. Ne5+ {[%emt 0:00:03]} Kh7 {[%emt 0:00:01]} 32. Nd7 {[%emt 0:00:03]} R8xb5 {[%emt 0:00:11]} 33. Rc7 {[%emt 0:00:02]} Kg6 {[%emt 0:00:07]} 34. Nf8+ {[%emt 0:00:04]} Kg5 {[%emt 0:00:05]} 35. Rc4 {[%emt 0:00:14]} Rxf2 {[%emt 0:00:06]} 36. Ne6+ {[%emt 0:00:13]} Kg6 {[%emt 0:00:03]} 37. Nf8+ {[%emt 0:00:13]} Kf7 {[%emt 0:00:02]} 38. Nd7 {[%emt 0:00:02]} Be7 {[%emt 0:00:05]} 39. Kg3 {[%emt 0:00:06]} Rbb2 {[%emt 0:00:01]} 40. Ne5+ {[%emt 0:00:03]} Ke6 {[%emt 0:00:01]} 41. Nc6 {[%emt 0:00:02]} Rxg2+ {[%emt 0:00:02]} 42. Kf3 {[%emt 0:00:01]} Rbf2+ {[%emt 0:00:01]} 43. Ke3 {[%emt 0:00:02]} Bg5+ {[%emt 0:00:01]} 44. Kd3 {[%emt 0:00:03]} Rf3+ {[%emt 0:00:01]} 45. Kd4 {[%emt 0:00:02]} Bf6+ {[%emt 0:00:01]} 46. Kc5 {[%emt 0:00:02]} Rb2 {[%emt 0:00:06]} 47. Ra4 {[%emt 0:00:04]} Rc3+ {[%emt 0:00:03]} 48. Rc4 {[%emt 0:00:04]} Rxc4+ {[%emt 0:00:01]} 49. Kxc4 {[%emt 0:00:01]} Rc2+ {[%emt 0:00:00]} 50. Kb5 {[%emt 0:00:01]} Rxc6 {[%emt 0:00:02]} 51. Kxc6 {[%emt 0:00:02]} Ke5 {[%emt 0:00:00]} 52. Kc5 {[%emt 0:00:02]} Ke4 {[%emt 0:00:01]} 53. Kc4 {[%emt 0:00:02]} Ke3 {[%emt 0:00:01]} 54. Kd5 {[%emt 0:00:02]} f4 {[%emt 0:00:01]} 55. h4 {[%emt 0:00:02]} f3 {[%emt 0:00:01]} 56. h5 {[%emt 0:00:01]} f2 {[%emt 0:00:01]} 57. Ke6 {[%emt 0:00:01]} f1=Q {[%emt 0:00:02]} 58. Kf7 {[%emt 0:00:01]} Qg2 {[%emt 0:00:02]} 59. Ke6 {[%emt 0:00:01]} Qg4+ {[%emt 0:00:01]} 60. Kf7 {[%emt 0:00:01]} Qxh5+ {[%emt 0:00:01]} 61. Ke6 {[%emt 0:00:04]} g5 {[%emt 0:00:04]} 62. Kf5 {[%emt 0:00:03]} g4+ {[%emt 0:00:01]} 63. Kxf6 {[%emt 0:00:01]} g3 {[%emt 0:00:01]} 64. Ke6 {[%emt 0:00:02]} g2 {[%emt 0:00:00]} 65. Kf6 {[%emt 0:00:02]} g1=Q {[%emt 0:00:02] Erdema terk eder (Lag: Av=0.64s, max=1.0s)} 0-1